| 000 | 02169nam a2200433 c 4500 | ||
|---|---|---|---|
| 003 | BLK | ||
| 005 | 20240925150002.0 | ||
| 008 | 180409b bul|||||r ||||||| ||bul|| | ||
| 040 | _aBLK | ||
| 041 |
_aENG _cBUL _hENG |
||
| 080 |
_aИкономическо положение. Икономическа политика. Управление. Планиране. Производство. Услуги. Цени _b338 _x(497.2:498)(083.9) _z338(497.2:498)(083.9) |
||
| 080 |
_aОбща икономическа политика _b338.22 _x(497.2:498)(083.9) _z338.22(497.2:498)(083.9) |
||
| 080 |
_aТуризмът от стопанско гледище. Политика по отношение на туризма. Икономика и организация на туризма. Вътрешен и международен туризъм. Вж и 379.8 _b338.48 _x(497.2:498)(083.9) _z338.48(497.2:498)(083.9) |
||
| 139 |
_aThe joint strategy for the touristic developement of the Giurgiu - Ruse area _bJ 74 |
||
| 245 | 1 | 0 |
_aThe joint strategy for the touristic developement of the Giurgiu - Ruse area _bTouristic guide book for Giurgiu - Ruse area |
| 257 | _aBGR | ||
| 260 |
_c2019 _9213248 _aRuse _bРегион. бизнес център |
||
| 300 |
_a113 p. _c21 см |
||
| 380 | _a3 | ||
| 650 | 4 |
_aМестно управление - Крайдунавски регион _9264513 |
|
| 650 | 4 |
_aМеждународно сътрудничество - проекти _9312879 |
|
| 651 | 4 |
_aРусе _9179462 |
|
| 651 | 4 |
_aГюргево _9178799 |
|
| 651 | 4 |
_aРумъния _9179459 |
|
| 651 | 4 |
_aБългария _9241624 |
|
| 653 | _aмеждународни отношения | ||
| 653 | _aтрансгранични проекти | ||
| 653 | _aтрансгранично сътрудничество | ||
| 653 | _aикономика | ||
| 653 | _aтранспорт | ||
| 653 | _aтуризъм | ||
| 653 | _aтериториално планиране | ||
| 653 | _aкултура | ||
| 852 |
_bК _aК 33/J 74 |
||
| 856 | 4 |
_qpdf _i0.00 _ldisable |
|
| 856 | 4 |
_qpdf _i0.00 _ldisable |
|
| 942 |
_cKNG _n0 _s1 |
||
| 944 |
_a30545 _cНора Радева _k30545 _lНора Радева |
||
| 999 |
_c517685 _d517685 |
||